000
00281nam a22001337a 4500
082
_a
894.812.3
_b
SRE/K
100
_a
SREEKANTH, ASWATHY
245
_a
KAALI
246
_a
KAALI
_b
KAALI
260
_a
THRISSUR
_b
D C
_c
2024
300
_a
143
650
_a
MALAYALAM STORIES
942
_c
BK
999
_c
8959
_d
8959